000 00324 a2200157 4500
001 168765
020 _a
040 _cMagnum
100 _aFaraco & Moura
240 1 0 _aLinguagem nova - 8 serie
_lpor
245 1 0 _aLinguagem nova - 8 serie
362 0 _a1899
440 1 _aÁtica
697 _aGRAMATICA
942 _cBK
999 _c168765
_d168765